| 000 | 00585nam a2200193Ia 4500 | ||
|---|---|---|---|
| 008 | 090124s9999 xx 000 0 und d | ||
| 082 | _b126065 | ||
| 100 | _aचेस जेम्स हॅडले | ||
| 245 | _a विषारी विळखा | ||
| 250 | _a1 | ||
| 260 | _c1979 | ||
| 300 | _a148 | ||
| 600 | _aचेस जेम्स हॅडले | ||
| 630 | _a विषारी विळखा | ||
| 700 | _aगुजर अनिल | ||
| 700 | _aचेस जेम्स हॅडले | ||
| 730 | _a विषारी विळखा | ||
| 942 | _cBOOK | ||
| 999 |
_c172155 _d172155 |
||